Taylor Swift - Piosenki - Statystyki

Ogólne statystyki
  • Ten quiz został rozwiązany 66 razy
  • Średni wynik to 97 z 217
Statystyki odpowiedzi
Album Track # Odpowiedź % Poprawnych
Fearless 1 Fearless
90%
Red 6 22
83%
1989 6 Shake It Off
83%
Red 5 All Too Well
80%
Lover 3 Lover
80%
Fearless 3 Love Story
80%
Lover 16 ME!
80%
Red 2 Red
78%
reputation 6 Look What You Made Me Do
76%
Fearless 6 You Belong With Me
76%
folklore 2 cardigan
73%
The Tortured Poets Department 2 The Tortured Poets Department
73%
Midnights 1 Lavender Haze
73%
reputation 1 ...Ready For It?
73%
1989 1 Welcome To New York
73%
folklore 8 august
71%
1989 2 Blank Space
71%
reputation 5 Delicate
71%
The Tortured Poets Department 1 Fortnight
71%
Speak Now 15 Ours
71%
folklore 1 the 1
71%
Midnights 3 Anti-Hero
68%
1989 8 Bad Blood
68%
folklore 4 exile
68%
1989 16 New Romantics
68%
Taylor Swift 11 Our Song
68%
Lover 8 Paper Rings
68%
Speak Now 4 Speak Now
68%
1989 3 Style
68%
Taylor Swift 1 Tim McGraw
68%
1989 9 Wildest Dreams
68%
reputation 12 Dress
66%
Midnights 2 Maroon
66%
1989 4 Out of the Woods
66%
evermore 1 willow
66%
folklore 14 betty
63%
evermore 2 champagne problems
63%
Lover 2 Cruel Summer
63%
evermore 15 evermore
63%
Red 4 I Knew You Were Trouble
63%
Midnights 11 Karma
63%
reputation 15 New Year's Day
63%
1989 13 Clean
61%
reputation 9 Getaway Car
61%
1989 (Taylor's Version) 17 "Sl*t!"
61%
Taylor Swift 3 Teardrops On My Guitar
61%
Red 8 We Are Never Ever Getting Back Together
61%
reputation 4 Don't Blame Me
59%
Fearless 2 Fifteen
59%
Speak Now (Taylor's Version) 19 I Can See You
59%
reputation 10 King of My Heart
59%
Speak Now 1 Mine
59%
1989 (Taylor's Version) 19 Now That We Don't Talk
59%
folklore 7 seven
59%
Midnights 4 Snow on the Beach
56%
Speak Now 9 Enchanted
56%
reputation 2 End Game
56%
Speak Now 12 Haunted
56%
reputation 3 I Did Something Bad
56%
Lover 11 London Boy
56%
Lover 7 Miss Americana & The Heartbreak Prince
56%
folklore 5 my tears ricochet
56%
Lover 4 The Man
56%
reputation 11 Dancing With Our Hands Tied
54%
folklore 16 hoax
54%
folklore 6 mirrorball
54%
Speak Now 2 Sparks Fly
54%
Midnights 9 Bejeweled
51%
Speak Now 5 Dear John
51%
evermore 6 no body, no crime
51%
The Tortured Poets Department 4 Down Bad
51%
folklore 10 illicit affairs
51%
Taylor Swift (Deluxe) 13 Invisible
51%
Lover 6 I Think He Knows
51%
Midnights 6 Midnight Rain
51%
Fearless (Taylor's Version) 22 Mr. Perfectly Fine
51%
The Tortured Poets Department 5 So Long, London
51%
1989 (Taylor's Version) 20 Suburban Legends
51%
folklore 3 the last great american dynasty
51%
1989 11 This Love
51%
Fearless 5 White Horse
51%
1989 14 Wonderland
51%
1989 5 All You Had To Do Was Stay
49%
Speak Now 3 Back to December
49%
reputation 14 Call It What You Want
49%
Lover 18 Daylight
49%
The Tortured Poets Department 12 loml
49%
Speak Now 14 Long Live
49%
evermore 13 marjorie
49%
Speak Now 6 Mean
49%
evermore 16 right where you left me
49%
reputation 7 So It Goes...
49%
Lover 12 Soon You'll Get Better
49%
Lover 5 The Archer
49%
folklore 9 this is me trying
49%
Lover 14 You Need To Calm Down
49%
Midnights 5 You're on Your Own, Kid
49%
The Tortured Poets Department 6 But Daddy I Love Him
46%
The Tortured Poets Department 16 Clara Bow
46%
Lover 9 Cornelia Street
46%
evermore 11 cowboy like me
46%
reputation 8 Gorgeous
46%
1989 (Taylor's Version) 21 Is It Over Now?
46%
Lover 17 It's Nice To Have A Friend
46%
Taylor Swift 2 Picture to Burn
46%
reputation 13 This Is Why We Can't Have Nice Things
46%
evermore 5 tolerate it
46%
Midnights 8 Vigilante Sh*t
46%
Red (Taylor's Version) 23 Nothing New
44%
evermore 8 dorothea
44%
Lover 13 False God
44%
evermore 3 gold rush
44%
Midnights 16 Paris
44%
Midnights 7 Question... ?
44%
folklore 17 the lakes
44%
The Tortured Poets Department 10 Who's Afraid of Little Old Me?
44%
1989 15 You Are In Love
44%
Speak Now 10 Better Than Revenge
41%
folklore 13 epiphany
41%
The Tortured Poets Department 11 I Can Fix Him (No Really I Can)
41%
Lover 1 I Forgot That You Existed
41%
folklore 11 invisible string
41%
Midnights 13 Mastermind
41%
folklore 15 peace
41%
Red 1 State of Grace
41%
The Tortured Poets Department 15 The Alchemy
41%
Red (Taylor's Version) 24 Babe
39%
The Tortured Poets Department 13 I Can Do It With a Broken Heart
39%
The Tortured Poets Department 3 My Boy Only Breaks His Favorite Toys
39%
The Tortured Poets Department 14 The Smallest Man Who Ever Lived
39%
1989 10 How You Get the Girl
39%
evermore 10 ivy
39%
Fearless 14 Jump Then Fall
39%
Red (Taylor's Version) 28 Run
39%
1989 (Taylor's Version) 18 Say Don't Go
39%
Taylor Swift 5 Cold As You
37%
Speak Now (Taylor's Version) 17 Electric Touch
37%
Red (Taylor's Version) 25 Message In A Bottle
37%
Speak Now 16 Superman
37%
Speak Now (Taylor's Version) 18 When Emma Falls in Love
37%
Lover 15 Afterglow
34%
Red 18 Come Back... Be Here
34%
The Tortured Poets Department 8 Florida!!!
34%
Red 14 Everything Has Changed
34%
Fearless 11 Forever & Always
34%
Fearless 16 Forever & Always (Piano Version)
34%
Red (Taylor's Version) 27 Forever Winter
34%
Fearless 4 Hey Stephen
34%
Speak Now 11 Innocent
34%
Speak Now 13 Last Kiss
34%
Speak Now 8 Never Grow Up
34%
Taylor Swift 9 Should've Said No
34%
Speak Now 7 The Story of Us
34%
evermore 4 'tis the damn season
34%
Midnights 19 Would've, Could've, Should've
34%
Lover 10 Death By A Thousand Cuts
32%
Speak Now (Taylor's Version) 20 Castles Crumbling
32%
evermore 9 coney island
32%
Red (Taylor's Version) 26 I Bet You Think About Me
32%
The Tortured Poets Department 7 Fresh Out the Slammer
32%
Midnights 18 Glitch
32%
The Tortured Poets Department 9 Guilty as Sin?
32%
Red 11 Holy Ground
32%
1989 12 I Know Places
32%
1989 7 I Wish You Would
32%
Midnights 10 Labyrinth
32%
Taylor Swift 10 Mary's Song (Oh My My My)
32%
Red 9 Stay Stay Stay
32%
Fearless 19 The Other Side of the Door
32%
Fearless 10 The Way I Loved You
32%
Speak Now (Taylor's Version) 22 Timeless
32%
Midnights 15 Bigger Than The Whole Sky
29%
evermore 7 happiness
29%
Taylor Swift (Deluxe) 12 I'm Only Me When I'm With You
29%
folklore 12 mad woman
29%
Red (Taylor's Version) 21 Ronan
29%
Midnights 12 Sweet Nothing
29%
Taylor Swift 6 The Outside
29%
Red (Taylor's Version) 29 The Very First Night
29%
Fearless (Taylor's Version) 20 Today Was A Fairytale
29%
Taylor Swift 4 A Place In This World
27%
Red (Taylor's Version) 22 Better Man
27%
Midnights 20 Dear Reader
27%
Speak Now (Taylor's Version) 21 Foolish One
27%
Midnights 21 Hits Different
27%
evermore 17 it's time to go
27%
Red 15 Starlight
27%
Taylor Swift 8 Stay Beautiful
27%
Red 17 The Moment I Knew
27%
Red 16 Begin Again
24%
evermore 14 closure
24%
Midnights 17 High Infidelity
24%
Fearless 7 Breathe
22%
Red 19 Girl At Home
22%
Midnights 14 The Great War
22%
Red 10 The Last Time
22%
The Tortured Poets Department 17 The Manuscript
22%
Red 3 Treacherous
22%
Fearless 9 You're Not Sorry
22%
Fearless (Taylor's Version) 26 Bye Bye Baby
20%
Fearless 13 Change
20%
Fearless 8 Tell Me Why
20%
Fearless 15 Untouchable
20%
1989 (Taylor's Version) 22 Sweeter Than Fiction
17%
Fearless 12 The Best Day
17%
Taylor Swift 7 Tied Together With a Smile
17%
Red 7 I Almost Do
15%
evermore 12 long story short
15%
Fearless 18 Superstar
15%
Taylor Swift (Deluxe) 14 A Perfectly Good Heart
12%
Fearless (Taylor's Version) 25 Don't You
12%
Red 12 Sad Beautiful Tragic
12%
Fearless (Taylor's Version) 24 That's When
12%
Fearless (Taylor's Version) 23 We Were Happy
12%
Fearless (Taylor's Version) 21 You All Over Me
10%
Red 13 The Lucky One
10%
Fearless 17 Come In With the Rain
5%
Nie znaleziono quizów pasujących do podanych kryteriów
Rozkład punktacji
Procent ludzi z każdym wynikiem
Percentyl według liczby udzielonych odpowiedzi
Twoja historia wyników
Nie rozwiązałeś tego quizu